| 000 | 00757nab#a2200241#c#4500 | ||
|---|---|---|---|
| 999 |
_c87960 _d87960 |
||
| 003 | IEF | ||
| 005 | 20191205103159.0 | ||
| 008 | 950704s1976 uuu|| #####0 b| |u | ||
| 040 |
_aIEF _cES-MaIEF |
||
| 100 | 1 |
_aMaluquer de Motes Bernet, Jordi _927515 |
|
| 245 |
_aLa estructura del sector algodonero en Cataluña durante la primera etapa de la industrialización (1832-1861) _cJordi Maluquer de Motes Bernet |
||
| 260 | _c1976 | ||
| 500 | _aBibliografía | ||
| 650 | 4 |
_aHISTORIA ECONOMICA _945401 |
|
| 650 | 4 |
_aESPAÑA _941092 |
|
| 650 | 4 |
_aCATALUÑA _933562 |
|
| 650 | 4 |
_aINDUSTRIA ALGODONERA _947457 |
|
| 650 | 4 |
_aSIGLO XIX _948415 |
|
| 773 | 0 |
_tHacienda pública española _w34570 _g38, p. 133-148 |
|
| 942 | _2udc | ||
| 942 | _2udc | ||